000 00781cab a2200253 4500
001 ABS58141
008 090401t1998 xxu||||| |||| 00| 0 eng d
035 _a(Sirsi) u98749
041 _aeng
100 _aMaguire, J.
245 _aWork grows as leases shrink
260 _c1998
350 _a0
490 _aProperty Week
_v61(3) 23 January 1998, 32(1)
520 _aLooks at the impact of short term leases, from 5 to 8 years, upon the work of the building surveyor in preparing and negotiating claims for dilapidations.
650 _aCLAIMS
650 _aCOMMERCIAL LEASES
650 _aDilapidations
_96235
650 _aREPAIRING COVENANTS
650 _aSHORTER LEASES
690 _aBUILT ENVIRONMENT-BUILDING INSPECTION
942 _n0
948 _c03/02/1998
999 _c59914
_d59914